Energy dispersion and the fracture of rubber vulcanizates (1991 short reviews) (Record no. 58599)

MARC details
000 -LEADER
fixed length control field 00400nam a2200133Ia 4500
100 ## - MAIN ENTRY--AUTHOR NAME
Personal name Hamed Gary R
245 #0 - TITLE STATEMENT
Title Energy dispersion and the fracture of rubber vulcanizates (1991 short reviews)
260 ## - PUBLICATION, DISTRIBUTION, ETC. (IMPRINT)
Name of publisher Rubber Chemistry and Technology
Year of publication 1991
300 ## - PHYSICAL DESCRIPTION
Number of Pages 493-500
650 ## - SUBJECT ADDED ENTRY--TOPICAL TERM
Topical Term 1991 short reviews
650 ## - SUBJECT ADDED ENTRY--TOPICAL TERM
Topical Term Rubber vulcanizates
942 ## - ADDED ENTRY ELEMENTS (KOHA)
Koha item type Journals
Holdings
Withdrawn status Lost status Damaged status Not for loan Home library Current library Shelving location Date acquired Serial Enumeration / chronology Koha item type
      Journals RRII Library RRII Library Rubber chemistry 17/12/2021 Volume 64, Issue 3 Journals